=LDR 00000nam 2200000 4500 =001 000720 =005 20250711033644 =035 ##$$a 0010-0725000588 =007 ta =008 250711################a##########0#ind## =020 ##$$a 978-623-307-687-6 =082 ##$$a 398.209 598 =084 ##$$a 398.209 598 SHA r =100 #$$a Sharma, Natasha =245 1#$$a Rumah Terbaik /$c Natasha Sharma =250 ##$$a Cetakan Pertama =260 ##$$a Jakarta :$b Badan Pengembangan dan Pembinaan Bahasa,$c 2022 =300 ##$$a 22 hlm. : $b Ilus. ; $c 22,9 cm =650 #4$$a CERITA ANAK INDONESIA-TERJEMAHAN =650 #4$$a LITERASI-BAHAN BACAAN =990 ##$$a TBM04970497